000 00474nmm a2200181Ia 4500
008 251105s9999||||xx |||||||||||||||||und||
020 _a9788496576780
041 _aspa
100 _aAguilar, José
245 0 _aCarmen Sevilla
264 _a[Madrid, España] :
_bT&B Editores,
_c2008
300 _a296 páginas
490 _aPortfolio
650 _aFilm studies
700 _a Losada, Miguel
856 _uhttps://public.digitaliapublishing.com/a/511
942 _cCF
999 _c61706
_d61706